L'eseignement scientifique a l'ecole: Cours moyen

Gespeichert in:
Bibliographische Detailangaben
1. Verfasser: Colomb, G. Autor
Format: keine Angabe
Sprache:Spanisch
Französisch
Erschienen: París Librairie Armand Colin 1933
Ausgabe:15º
Katalog:MANES:  Suchergebnis im Bibliothekskatalog
Schulbuchspezifische Eigenschaften:
Tags: Tag hinzufügen
Keine Tags, Fügen Sie den ersten Tag hinzu!
Hinzugefügt zu:26.04.2016
Geändert in:15.12.2025

MARC

LEADER 000000000a22000000004500
001 18570
003 OSt
005 20251215163047.0
008 160427s sp ||||| |||| 00| 0 spa d
041 1 |a fre 
040 |c centro_manes 
691 7 |a PRI 
100 1 |a Colomb, G.  |b Autor  |9 11695 
245 0 0 |a L'eseignement scientifique a l'ecole: Cours moyen 
250 |a 15º 
260 3 |a París  |b Librairie Armand Colin  |c 1933 
300 |a 283p  |c 20 * 13 cm 
500 |a ILUSTRACIONES: Contiene 291 grabados en blanco y negro. ENCUADERNACIÓN: Cartoné. DESCRIPCIÓN CONTENIDO: Enseñanza científica: los animales, las plantas, los minerales, aplicaciones, agricultura, higiene. PALABRAS CLAVE: Enseñanza científica. NéMERO EJEMPLARES: 1. Nº TOPOGRÁFICO: 3066. CONSERVACIÓN: Regular. Pastas en mal estado. 
690 0 |a CN 
942 |2 ddc  |c BK 
546 |a España 
999 |c 24539  |d 24539 
999 |c manes:24539  |d 24539